Lilís, El tirano Ulises Heureaux, o, Veinte años de historia tenebrosa de América / (Registro nro. 13415)

Detalles MARC
000 -LEADER
fixed length control field 01751nam a2200337 a 4500
001 - CONTROL NUMBER
control field 000027692
003 - CONTROL NUMBER IDENTIFIER
control field DO-SdBNP
005 - DATE AND TIME OF LATEST TRANSACTION
control field 20260521093433.0
008 - FIXED-LENGTH DATA ELEMENTS--GENERAL INFORMATION
fixed length control field 110404s2000 dr 0bspa d
020 ## - INTERNATIONAL STANDARD BOOK NUMBER
International Standard Book Number 9993401587
040 ## - CATALOGING SOURCE
Original cataloging agency BPMSU
Language of cataloging spa
Transcribing agency BPMSU
049 ## - LOCAL HOLDINGS (OCLC)
Holding library
082 ## - DEWEY DECIMAL CLASSIFICATION NUMBER
Classification number 923.17293
Item number D542L, 2000
100 1# - MAIN ENTRY--PERSONAL NAME
Personal name Díaz, Vigil,
Dates associated with a name 1880-1961.
245 10 - TITLE STATEMENT
Title Lilís, El tirano Ulises Heureaux, o, Veinte años de historia tenebrosa de América /
Statement of responsibility, etc. Vigil Días, Horacio Blanco Fombona presentación Julio Genaro Campillo Pérez.
250 ## - EDITION STATEMENT
Edition statement 2a. ed.
260 ## - PUBLICATION, DISTRIBUTION, ETC. (IMPRINT)
Place of publication, distribution, etc. Ciudad Trujillo, República Dominicana :
Name of publisher, distributor, etc. La Trinitaria,
Date of publication, distribution, etc. 2000
300 ## - PHYSICAL DESCRIPTION
Extent 199 p. ;
Dimensions 23 cm.
500 ## - GENERAL NOTE
General note Incluye datos biográficos de los autores en la contracubierta
505 0# - FORMATTED CONTENTS NOTE
Formatted contents note Liminar -- Infancia y adolescencia del tirano -- El oficial luperonista -- En la primera magistratura -- Los fusilamientos -- Anécdotas que lo revelan -- Lilís y la independencia de Cuba -- Retrato de Lilís -- El aventurero financista en la política hispanoamericana -- Carta de amor de Lilís a una dama francesa -- La muerte del tirano -- Orígenes del código de la muerte -- El Código de la Muerte.
563 ## - BINDING INFORMATION
Binding note Dos obras encuadernadas juntas con paginación continua
590 ## - LOCAL NOTE (RLIN)
Linkage (RLIN) Inventariado, 2021/VM
600 10 - SUBJECT ADDED ENTRY--PERSONAL NAME
Personal name Heureaux, Ulises
Dates associated with a name 1845-1899
General subdivision Anécdotas, chistes, sátiras, etc
650 #7 - SUBJECT ADDED ENTRY--TOPICAL TERM
Topical term or geographic name as entry element Ensayos dominicanos.
Source of heading or term Lemb
651 #4 - SUBJECT ADDED ENTRY--GEOGRAPHIC NAME
Geographic name República Dominicana
General subdivision Historia
Chronological subdivision 1844-1930
700 1# - ADDED ENTRY--PERSONAL NAME
Personal name Blanco Fombona, Horacio,
Dates associated with a name 1989-1948
Title of a work El Tirano Ulises Heureaux o Veinte años de historia tenebrosa de América
700 1# - ADDED ENTRY--PERSONAL NAME
Personal name Julio Genaro Campillo Pérez.
Dates associated with a name 1922 -
740 ## - ADDED ENTRY--UNCONTROLLED RELATED/ANALYTICAL TITLE
Uncontrolled related/analytical title Veinte años de historia tenebrosa de América
910 ## - USER-OPTION DATA (OCLC)
User-option data VMateo
942 ## - ADDED ENTRY ELEMENTS (KOHA)
Source of classification or shelving scheme Dewey Decimal Classification
Koha item type Libros
Existencias
Withdrawn status Lost status Source of classification or shelving scheme Damaged status Not for loan Collection code Home library Current library Date acquired Full call number Barcode Date last seen Price effective from Koha item type Source of acquisition Copy number Total Checkouts
    Dewey Decimal Classification     Colección Dominicana Biblioteca Pública Metropolitana Salomé Ureña Biblioteca Pública Metropolitana Salomé Ureña 04/12/2021 BPMSU CD 923.17293 D542L 2000 BPMSU21040006 04/12/2021 04/12/2021 Libros      
    Dewey Decimal Classification     Colección Dominicana Biblioteca Pública Metropolitana Salomé Ureña Biblioteca Pública Metropolitana Salomé Ureña 04/12/2021 BPMSU CD 923.17293 D542L, 2000 BPMS21040007 04/12/2021 04/12/2021 Libros Compra e.2  
    Dewey Decimal Classification     Colección Dominicana Biblioteca Pública Metropolitana Salomé Ureña Biblioteca Pública Metropolitana Salomé Ureña 04/12/2021 BPMSU CD 923.17293 D542L, 2000 BPMSU26050097 05/21/2026 04/12/2021 Libros Compra e.3